[Event "Knighthood Blitz"]
[Site "Vishy Anand Arena"]
[Date "2020.08.01"]
[Round "3"]
[White "Whitefalcon"]
[Black "Twobrothers"]
[Result "1/2-1/2"]
[WhiteElo "2039"]
[BlackElo "1781"]
[PlyCount "125"]
[EventDate "2020.08.01"]
[EventType "swiss (blitz)"]

1. e4 e5 2. Nf3 Nc6 3. Bc4 Nf6 4. d3 Be7 5. c3 O-O 6. Bb3 d6 7. Nbd2 Na5 8. Bc2 c5 9. Nf1 Nc6 10. Ng3 Re8 11. O-O h6 12. h3 Bf8 13. Qe2 g6 14. Bb3 Be6 15. Bxe6 Rxe6 16. Be3 d5 17. exd5 Qxd5 18. Rfd1 Rd8 19. Ne4 Qd7 20. Nxc5 Bxc5 21. Bxc5 Qd5 22. Be3 Kg7 23. Nh2 Qd7 24. Qf3 Rd6 25. Ng4 Nxg4 26. Qxg4 Qxg4 27. hxg4 Rxd3 28. Rxd3 Rxd3 29. Kf1 g5 30. Ke2 Rd7 31. Rd1 Rxd1 32. Kxd1 Kf6 33. Kc2 Ke6 34. Kb3 Kd5 35. f3 b6 36. c4+ Kd6 37. Kc3 Ne7 38. b4 f5 39. c5+ Kc6 40. cxb6 axb6 41. a4 fxg4 42. fxg4 Nd5+ 43. Kd3 Nf6 44. b5+ Kc7 45. Bf2 Nxg4 46. Bg3 Kd6 47. Ke4 Ke6 48. Be1 Nf6+ 49. Kd3 Nd5 50. g3 h5 51. Bf2 Kf5 52. Bxb6 Nxb6 53. a5 h4 54. gxh4 gxh4 55. axb6 h3 56. b7 h2 57. b8=Q h1=Q 58. Qc8+ Kf6 59. Qc6+ Qxc6 60. bxc6 Ke6 61. Ke4 Kd6 62. c7 Kxc7 63. Kxe5 1/2-1/2

[Event "Knighthood Blitz"]
[Site "Vishy Anand Arena"]
[Date "2020.08.01"]
[Round "3"]
[White "Savithashri"]
[Black "DarkKnight8750"]
[Result "0-1"]
[WhiteElo "1996"]
[BlackElo "1958"]
[Annotator "NA"]
[PlyCount "58"]
[EventDate "2020.08.01"]
[EventType "swiss (blitz)"]

1. e4 c5 2. Nf3 d6 3. d4 cxd4 4. Nxd4 Nf6 5. Nc3 g6 6. Bc4 Bg7 7. f3 O-O 8. Be3 Nc6 9. Qe2 Bd7 10. O-O-O Ne5 11. Bb3 Qa5 12. Kb1 Rfc8 13. Bd2 Qb6 14. Be1 a5 15. Nd5 Nxd5 16. Bxd5 e6 17. f4 exd5 18. fxe5 dxe5 19. Nf3 dxe4 20. Ng5 Be6 21. Nxe6 Qxe6 22. Qxe4 a4 23. Bg3 a3 24. Qd5 Qb6 25. Bxe5 Rd8 26. Bd4 Bxd4 27. Qb3 Qxb3 28. cxb3 axb2 29. Rde1 Bg7 0-1

[Event "Knighthood Blitz"]
[Site "Vishy Anand Arena"]
[Date "2020.08.01"]
[Round "3"]
[White "Zanta"]
[Black "michaelraj_98"]
[Result "0-1"]
[WhiteElo "1989"]
[BlackElo "1961"]
[Annotator "NA"]
[PlyCount "84"]
[EventDate "2020.08.01"]
[EventType "swiss (blitz)"]

1. e4 e5 2. Nf3 Nc6 3. Bb5 Nf6 4. d3 Bc5 5. O-O d6 6. c3 O-O 7. Nbd2 Ne7 8. h3 c6 9. Ba4 Ng6 10. Re1 Bb6 11. Nf1 h6 12. Ng3 Re8 13. d4 Qe7 14. Nf5 Qf8 15. dxe5 dxe5 16. Bc2 Bxf5 17. exf5 Rad8 18. Qe2 Nf4 19. Qc4 Bc7 20. a4 N6d5 21. a5 a6 22. b3 Qe7 23. Ba3 Qd7 24. Rad1 Qc8 25. Bc1 Bxa5 26. Rxe5 b5 27. Qe4 Rxe5 28. Nxe5 Nxc3 29. Rxd8+ Qxd8 30. Qxf4 Ne2+ 31. Kh2 Nxf4 32. Bxf4 Bc7 33. Bg3 Bxe5 34. Bxe5 c5 35. Bg3 c4 36. bxc4 bxc4 37. h4 Qd2 38. Be4 c3 39. f6 c2 40. fxg7 c1=Q 41. Bf3 a5 42. Bf4 Qxf4+ 0-1

[Event "Knighthood Blitz"]
[Site "Vishy Anand Arena"]
[Date "2020.08.01"]
[Round "3"]
[White "BIGIL"]
[Black "Adityass"]
[Result "0-1"]
[WhiteElo "1972"]
[BlackElo "2204"]
[PlyCount "26"]
[EventDate "2020.08.01"]
[EventType "swiss (blitz)"]

1. e4 c5 2. Nc3 Nc6 3. Bb5 Nd4 4. Bc4 Nf6 5. e5 d5 6. exf6 dxc4 7. fxg7 Bxg7 8. Nge2 Rg8 9. d3 cxd3 10. Qxd3 Bf5 11. Ne4 c4 12. Nxd4 cxd3 13. Nxf5 Qa5+ 0-1

[Event "Knighthood Blitz"]
[Site "Vishy Anand Arena"]
[Date "2020.08.01"]
[Round "3"]
[White "Adityabikram"]
[Black "Enthusiast"]
[Result "1-0"]
[WhiteElo "1949"]
[BlackElo "1527"]
[PlyCount "51"]
[EventDate "2020.08.01"]
[EventType "swiss (blitz)"]

1. d4 Nf6 2. c4 d6 3. Nf3 g6 4. g3 Bg7 5. Bg2 O-O 6. O-O Nbd7 7. Nc3 e5 8. b3 exd4 9. Nxd4 Ne5 10. Bb2 Be6 11. Nxe6 fxe6 12. Bxb7 Rb8 13. Bg2 Nfd7 14. Rb1 Qf6 15. Ne4 Qf5 16. e3 c6 17. Nxd6 Qf6 18. f4 Nc5 19. Bxe5 Qe7 20. Bxg7 Kxg7 21. Qd4+ e5 22. Qxc5 exf4 23. exf4 Rbd8 24. Ne4 Qxc5+ 25. Nxc5 Rd2 26. Ne6+ 1-0

[Event "Knighthood Blitz"]
[Site "Vishy Anand Arena"]
[Date "2020.08.01"]
[Round "3"]
[White "kingofall"]
[Black "ItsTime"]
[Result "0-1"]
[WhiteElo "1944"]
[BlackElo "2133"]
[PlyCount "50"]
[EventDate "2020.08.01"]
[EventType "swiss (blitz)"]

1. e4 c6 2. d4 d5 3. e5 Bf5 4. h4 h5 5. Bd3 Bxd3 6. Qxd3 e6 7. Bg5 Qb6 8. Nd2 Qa6 9. c4 Bb4 10. b3 Nh6 11. Ne2 Nf5 12. O-O c5 13. Qc2 cxd4 14. cxd5 O-O 15. Nf4 exd5 16. Qxf5 Bxd2 17. Bf6 Bxf4 18. Qxf4 Nd7 19. Be7 Rfe8 20. Bd6 Re6 21. Rad1 Rae8 22. Qxd4 Nxe5 23. Qxd5 Ng6 24. Bg3 Qe2 25. Qxh5 Qxh5 0-1

[Event "Knighthood Blitz"]
[Site "Vishy Anand Arena"]
[Date "2020.08.01"]
[Round "3"]
[White "kngopal"]
[Black "Suvrajit Saha"]
[Result "1-0"]
[WhiteElo "1923"]
[BlackElo "1974"]
[PlyCount "49"]
[EventDate "2020.08.01"]
[EventType "swiss (blitz)"]

1. e4 e6 2. d4 d5 3. e5 c5 4. c3 Nc6 5. Nf3 Qb6 6. Bd3 Bd7 7. O-O cxd4 8. cxd4 Nxd4 9. Nxd4 Qxd4 10. Nc3 a6 11. Be3 Qxe5 12. Re1 Bd6 13. g3 Qf6 14. Nxd5 Qxb2 15. Nb6 Rd8 16. Nc4 Qb4 17. Rb1 Ba4 18. Rxb4 Bxd1 19. Nxd6+ Rxd6 20. Rxd1 Nf6 21. Rxb7 Rd8 22. Bc5 Nd7 23. Ba3 Rb8 24. Bxa6 Rxb7 25. Bxb7 1-0

[Event "Knighthood Blitz"]
[Site "Vishy Anand Arena"]
[Date "2020.08.01"]
[Round "3"]
[White "Perseus226"]
[Black "Gaurav306"]
[Result "0-1"]
[WhiteElo "1911"]
[BlackElo "1908"]
[Annotator "NA"]
[PlyCount "102"]
[EventDate "2020.08.01"]
[EventType "swiss (blitz)"]

1. d4 d5 2. Bf4 e6 3. e3 Nf6 4. Nf3 c5 5. c3 Bd6 6. Bg3 O-O 7. Nbd2 b6 8. Bd3 Bb7 9. Ne5 Ne4 10. f4 f5 11. O-O Nd7 12. Bxe4 dxe4 13. Ndc4 Bxe5 14. Nxe5 Nxe5 15. fxe5 cxd4 16. cxd4 Rc8 17. Rc1 Ba6 18. Re1 Qd7 19. Qb3 Rfe8 20. a3 Bb7 21. Rc3 Bd5 22. Qc2 Rxc3 23. bxc3 Rc8 24. Rc1 Qb5 25. a4 Qc4 26. Be1 Kf7 27. Kf2 Ke7 28. Qd2 Qa2 29. Qxa2 Bxa2 30. Kg3 Kd7 31. Ra1 Bc4 32. a5 b5 33. a6 Kc6 34. Kf4 Kd5 35. g4 Rf8 36. g5 Bd3 37. h4 Kc4 38. h5 Be2 39. h6 g6 40. Rb1 Bd3 41. Rb4+ Kd5 42. Rb2 Rc8 43. Bd2 Rc6 44. Rb4 Rxa6 45. Kg3 Ra2 46. Kf4 Rxd2 47. Rb3 a5 48. Ra3 a4 49. Ra1 Kc4 50. Rc1 Rb2 51. Rb1 Rxb1 0-1

[Event "Knighthood Blitz"]
[Site "Vishy Anand Arena"]
[Date "2020.08.01"]
[Round "3"]
[White "Zokapenzioner"]
[Black "Suyash45"]
[Result "1/2-1/2"]
[WhiteElo "1903"]
[BlackElo "1983"]
[Annotator "NA"]
[PlyCount "111"]
[EventDate "2020.08.01"]
[EventType "swiss (blitz)"]

1. Nf3 Nf6 2. g3 g6 3. c4 Bg7 4. Bg2 O-O 5. O-O c5 6. Nc3 Nc6 7. d4 cxd4 8. Nxd4 Nxd4 9. Qxd4 d6 10. Qd3 Bf5 11. e4 Be6 12. Bd2 Rc8 13. b3 Nd7 14. Rfd1 a6 15. h3 b5 16. cxb5 axb5 17. Rac1 b4 18. Na4 Nc5 19. Nxc5 dxc5 20. Qe2 Qa5 21. Be3 Bc3 22. Rc2 c4 23. Rb1 Rfd8 24. f4 cxb3 25. axb3 Qa3 26. Ra2 Qxb3 27. Rxb3 Bxb3 28. Ra7 Bd1 29. Qf2 b3 30. Rb7 b2 31. Rxb2 Bxb2 32. Qxb2 Rc2 33. Qb6 Rd3 34. Bd4 f6 35. Qd8+ Kf7 36. Qd5+ Kf8 37. e5 Rxg3 38. Bf2 Bf3 39. Qxf3 Rxf3 40. Bxf3 Kf7 41. exf6 exf6 42. Kg2 Kg7 43. Kg3 h5 44. h4 Rc3 45. Bd4 Rb3 46. Kf2 Rd3 47. Be3 Ra3 48. Be2 Ra2 49. Kf3 Rc2 50. Bd3 Rh2 51. Kg3 Ra2 52. Kf3 Rh2 53. Kg3 Ra2 54. Kf3 Ra3 55. Ke2 Ra2+ 56. Kf3 1/2-1/2

[Event "Knighthood Blitz"]
[Site "Vishy Anand Arena"]
[Date "2020.08.01"]
[Round "3"]
[White "Thrish"]
[Black "Staroftheyear"]
[Result "1-0"]
[WhiteElo "1885"]
[BlackElo "1967"]
[PlyCount "39"]
[EventDate "2020.08.01"]
[EventType "swiss (blitz)"]

1. e4 e6 2. d4 d5 3. Nc3 Nf6 4. Bg5 Be7 5. e5 Nfd7 6. Bxe7 Qxe7 7. Nb5 Nb6 8. c3 a6 9. Na3 c5 10. Nc2 Nc6 11. Bd3 Nd7 12. f4 g6 13. Nf3 O-O 14. h4 f6 15. h5 Qg7 16. hxg6 hxg6 17. Nh4 g5 18. Ng6 Rd8 19. fxg5 fxe5 20. Rh8+ 1-0

[Event "Knighthood Blitz"]
[Site "Vishy Anand Arena"]
[Date "2020.08.01"]
[Round "3"]
[White "Vishveshk"]
[Black "Rahulraj"]
[Result "0-1"]
[WhiteElo "1874"]
[BlackElo "1620"]
[Annotator "NA"]
[PlyCount "72"]
[EventDate "2020.08.01"]
[EventType "swiss (blitz)"]

1. e4 c6 2. d4 d5 3. exd5 cxd5 4. c4 Nf6 5. Nc3 dxc4 6. Nf3 e6 7. Bxc4 Bd6 8. Bg5 O-O 9. Ne4 Be7 10. Nxf6+ Bxf6 11. Be3 a6 12. Bd3 Nc6 13. h4 h5 14. a3 Qb6 15. d5 Qxb2 16. Rb1 Qc3+ 17. Kf1 exd5 18. Rb3 Qa5 19. Ng5 Ne5 20. Bh7+ Kh8 21. Qxh5 Bg4 22. Nxf7+ Rxf7 23. Bb6 Qa4 24. Qxf7 Nxf7 25. Bc2 Qf4 26. Be3 Qc4+ 27. Kg1 Qxc2 28. Rxb7 Be5 29. g3 Bf3 30. Kh2 Bxh1 31. Kxh1 Qe4+ 32. Kh2 d4 33. Rxf7 dxe3 34. fxe3 Qxe3 35. a4 Qxg3+ 36. Kh1 Qh2# 0-1

[Event "Knighthood Blitz"]
[Site "Vishy Anand Arena"]
[Date "2020.08.01"]
[Round "3"]
[White "Rishila"]
[Black "Indrajeet4ever"]
[Result "1-0"]
[WhiteElo "1862"]
[BlackElo "1518"]
[Annotator "NA"]
[PlyCount "121"]
[EventDate "2020.08.01"]
[EventType "swiss (blitz)"]

1. d4 Nf6 2. Bf4 d5 3. e3 c5 4. Nd2 e6 5. c3 Nc6 6. Ngf3 Bd6 7. Ne5 Ne4 8. Nxe4 dxe4 9. Nxc6 bxc6 10. Bxd6 Qxd6 11. Qg4 O-O 12. Qxe4 Rb8 13. Bd3 f5 14. Qf3 Rxb2 15. O-O cxd4 16. cxd4 Rb7 17. Bc4 Rbf7 18. Rfc1 Rf6 19. Rab1 Rh6 20. h3 Rff6 21. Bf1 Rfg6 22. Rxc6 Qe7 23. Rb8 Qd8 24. Rcxc8 Qxc8 25. Rxc8+ Kf7 26. d5 Kf6 27. dxe6 Kxe6 28. Rc6+ Kd7 29. Rxg6 Rxg6 30. Qxf5+ Ke7 31. Bc4 Rf6 32. Qe5+ Kf8 33. Qb8+ Ke7 34. Qxa7+ Kd6 35. Qd4+ Ke7 36. Qxf6+ Kd7 37. e4 gxf6 38. Bd5 Kd6 39. f4 h6 40. Kf2 Kc5 41. Kf3 Kd4 42. Kg4 Ke3 43. Kf5 h5 44. g4 hxg4 45. hxg4 Kf3 46. g5 fxg5 47. fxg5 Ke3 48. g6 Kd4 49. g7 Kc5 50. g8=Q Kd6 51. Qd8+ Kc5 52. Qc7+ Kd4 53. a4 Ke3 54. a5 Kd4 55. a6 Ke3 56. a7 Kd4 57. a8=Q Ke3 58. Qaa7+ Kd3 59. Qc4+ Kd2 60. Qaa2+ Ke3 61. Qae2# 1-0

[Event "Knighthood Blitz"]
[Site "Vishy Anand Arena"]
[Date "2020.08.01"]
[Round "3"]
[White "Thor_attack"]
[Black "Shubham37908"]
[Result "1-0"]
[WhiteElo "1846"]
[BlackElo "1458"]
[Annotator "NA"]
[PlyCount "119"]
[EventDate "2020.08.01"]
[EventType "swiss (blitz)"]

1. e4 e5 2. Nf3 Nc6 3. d4 exd4 4. Nxd4 d6 5. Nc3 Nf6 6. Bg5 h6 7. Bh4 Be7 8. Bb5 Bd7 9. O-O Nxd4 10. Bxd7+ Qxd7 11. Qxd4 O-O 12. Rad1 Rfd8 13. e5 Ne8 14. Bxe7 Qxe7 15. exd6 Rxd6 16. Qe4 Rxd1 17. Rxd1 Qxe4 18. Nxe4 Nf6 19. Nxf6+ gxf6 20. Rd7 Rc8 21. f4 Kg7 22. Kf2 Kg6 23. Kf3 a5 24. g4 b5 25. h4 a4 26. Rd5 Rb8 27. Rc5 Rb7 28. Rc6 b4 29. g5 hxg5 30. hxg5 b3 31. cxb3 axb3 32. a3 Kg7 33. Rxf6 Ra7 34. Rc6 Rb7 35. Kg4 Kf8 36. Kf5 Kg7 37. Ke4 Kf8 38. Kd3 Ke7 39. Kc3 Kd7 40. Rc4 Ke6 41. Rb4 Rxb4 42. Kxb4 Kf5 43. a4 Kxf4 44. a5 Kxg5 45. a6 f5 46. a7 f4 47. a8=Q f3 48. Qxf3 Kg6 49. Kxb3 Kg5 50. Qc6 Kf4 51. Qxc7+ Ke4 52. Kc4 Ke3 53. b4 Ke4 54. b5 Kf5 55. b6 Ke6 56. b7 Kf5 57. b8=Q Ke4 58. Qbd8 Kf5 59. Qce7 Kf4 60. Qdf8+ 1-0

[Event "Knighthood Blitz"]
[Site "Vishy Anand Arena"]
[Date "2020.08.01"]
[Round "3"]
[White "Vikas2200"]
[Black "Quality_959"]
[Result "1-0"]
[WhiteElo "1822"]
[BlackElo "1491"]
[Annotator "NA"]
[PlyCount "79"]
[EventDate "2020.08.01"]
[EventType "swiss (blitz)"]

1. c4 e5 2. Nc3 Nf6 3. Nf3 Nc6 4. g3 d5 5. cxd5 Nxd5 6. Bg2 Nb6 7. O-O Be6 8. d3 f6 9. Be3 Bb4 10. a3 Bxc3 11. bxc3 O-O 12. c4 Qd7 13. Qc2 Bh3 14. Rfd1 Bxg2 15. Kxg2 Rfe8 16. Bc5 Rad8 17. a4 Nd4 18. Nxd4 exd4 19. Bb4 Qc6+ 20. f3 Nd5 21. Bd2 Ne3+ 22. Bxe3 Rxe3 23. Rd2 Rde8 24. Qb2 Qb6 25. Qxb6 axb6 26. Kf2 Kf7 27. a5 bxa5 28. Rxa5 b6 29. Rd5 c5 30. Rd7+ Kg6 31. Rb7 R3e6 32. Rb2 h5 33. R7xb6 Rxb6 34. Rxb6 Re3 35. Rc6 Re5 36. f4 Rf5 37. Kf3 Kh6 38. h3 g5 39. Ke4 Kg6 40. Rc8 1-0

[Event "Knighthood Blitz"]
[Site "Vishy Anand Arena"]
[Date "2020.08.01"]
[Round "3"]
[White "Krithigga2001"]
[Black "Mandy64theking"]
[Result "1-0"]
[WhiteElo "1818"]
[BlackElo "1697"]
[Annotator "NA"]
[PlyCount "57"]
[EventDate "2020.08.01"]
[EventType "swiss (blitz)"]

1. c4 c6 2. g3 g6 3. Bg2 Bg7 4. Nf3 Nf6 5. Nc3 O-O 6. O-O d5 7. cxd5 cxd5 8. d4 Nc6 9. a3 Bf5 10. b4 Rc8 11. Bb2 h5 12. h4 Ne4 13. Rc1 Re8 14. e3 a6 15. Qb3 e6 16. a4 Bg4 17. Rfe1 Qf6 18. Nxe4 dxe4 19. Nd2 Bf3 20. Nxe4 Bxe4 21. Bxe4 e5 22. Bxc6 bxc6 23. dxe5 Qf3 24. Rc5 Red8 25. Qc2 Bf8 26. Rc4 Qd5 27. Qc3 Bg7 28. Rc5 Qd6 29. Rc1 1-0

[Event "Knighthood Blitz"]
[Site "Vishy Anand Arena"]
[Date "2020.08.01"]
[Round "3"]
[White "saisujan2005"]
[Black "Priyanka Nutakki"]
[Result "0-1"]
[WhiteElo "1798"]
[BlackElo "2174"]
[Annotator "NA"]
[PlyCount "132"]
[EventDate "2020.08.01"]
[EventType "swiss (blitz)"]

1. d4 d5 2. c4 e6 3. Nc3 Be7 4. cxd5 exd5 5. Nf3 Nf6 6. Bg5 O-O 7. e3 c6 8. Bd3 Nbd7 9. Qc2 Re8 10. O-O Nf8 11. Rfe1 Ng6 12. e4 dxe4 13. Nxe4 Nxe4 14. Bxe7 Rxe7 15. Bxe4 Be6 16. b3 Qd6 17. Rad1 Rd8 18. Ng5 Bd5 19. Bxd5 Rxe1+ 20. Rxe1 Qxd5 21. Nf3 h6 22. h3 Qh5 23. Qe4 Qa5 24. a4 Qc3 25. Re3 Qc1+ 26. Kh2 Qb2 27. Kg3 Rf8 28. Nh4 Nxh4 29. Qxh4 Qa3 30. Qe7 Qxe7 31. Rxe7 Rb8 32. Kf4 Kf8 33. Rc7 b5 34. Rxa7 bxa4 35. bxa4 Rb2 36. Kg3 Rb4 37. a5 Rxd4 38. a6 Ra4 39. Ra8+ Ke7 40. a7 Kf6 41. Kh2 Ra2 42. g3 g6 43. Kg1 Kg7 44. Kg2 h5 45. h4 c5 46. Kg1 c4 47. Rc8 Rxa7 48. Rxc4 Ra1+ 49. Kg2 Ra2 50. Rf4 Ra5 51. Rf3 Ra2 52. Re3 Rc2 53. Re5 Kf6 54. Rb5 Ra2 55. Rb6+ Kg7 56. Rb7 Ra3 57. Rd7 Ra4 58. Rd2 Re4 59. Re2 Rxe2 60. Kf1 Ra2 61. Kg2 Ra1 62. Kh3 Kf6 63. Kg2 Ra3 64. f3 Kf5 65. g4+ hxg4 66. Kf2 Ra2+ 0-1

[Event "Knighthood Blitz"]
[Site "Vishy Anand Arena"]
[Date "2020.08.01"]
[Round "3"]
[White "NIKiler"]
[Black "J2d"]
[Result "1-0"]
[WhiteElo "1770"]
[BlackElo "2468"]
[PlyCount "99"]
[EventDate "2020.08.01"]
[EventType "swiss (blitz)"]

1. d4 Nf6 2. Bf4 d6 3. e3 g6 4. h3 Bg7 5. Nf3 O-O 6. Be2 Nbd7 7. O-O b6 8. c4 Bb7 9. Nc3 Qe8 10. Bh2 a6 11. b4 e5 12. a4 e4 13. Nd2 Qe7 14. a5 h5 15. axb6 cxb6 16. b5 a5 17. Qb3 Rac8 18. Qa3 Ne8 19. Rac1 Kh7 20. Nd5 Bxd5 21. cxd5 Rxc1 22. Rxc1 f5 23. Nc4 Rf6 24. Ne5 Bf8 25. Nxd7 Qxd7 26. Rc6 Qf7 27. Rxb6 g5 28. Qxa5 f4 29. Qa8 Ng7 30. Rb7 Qg6 31. Rb8 Qf5 32. Qa3 Qxd5 33. b6 f3 34. gxf3 exf3 35. Bd3+ Kh6 36. b7 Qe6 37. Bf1 g4 38. Qa8 Qf5 39. Rxf8 Rxf8 40. b8=Q Rxb8 41. Qxb8 gxh3 42. Bf4+ Kh7 43. Kh2 Qc2 44. Bg3 h4 45. Bxh4 Nf5 46. Qd8 Qe4 47. Bg3 Nxg3 48. Kxg3 h2 49. Kxh2 Qh4+ 50. Qxh4+ 1-0

[Event "Knighthood Blitz"]
[Site "Vishy Anand Arena"]
[Date "2020.08.01"]
[Round "3"]
[White "Anandgary"]
[Black "SubashRaj"]
[Result "1-0"]
[WhiteElo "1760"]
[BlackElo "1619"]
[Annotator "NA"]
[PlyCount "89"]
[EventDate "2020.08.01"]
[EventType "swiss (blitz)"]

1. e4 c5 2. Nc3 a6 3. Nf3 e6 4. g3 Nc6 5. Bg2 Qc7 6. O-O Nf6 7. d3 Be7 8. h3 b5 9. Bg5 Bb7 10. Qd2 h6 11. Bf4 e5 12. Be3 Nd4 13. Ne2 O-O 14. c3 Nc6 15. g4 d5 16. exd5 Nxd5 17. Ng3 Nf4 18. Bxf4 exf4 19. Nf5 Bf6 20. Rfe1 Rad8 21. Re4 Ne7 22. Nxe7+ Bxe7 23. Qxf4 Qxf4 24. Rxf4 Rxd3 25. Ne5 Bxg2 26. Nxd3 Bxh3 27. Kh2 Bg5 28. Kxh3 Bxf4 29. Nxf4 Re8 30. Kg3 Re4 31. Rd1 Kh7 32. f3 Re7 33. Rd6 a5 34. Rc6 c4 35. Rc5 Rb7 36. Nd5 b4 37. Rc7 Rxc7 38. Nxc7 bxc3 39. bxc3 a4 40. Nd5 Kg6 41. Nb6 h5 42. Nxc4 a3 43. Ne3 Kh6 44. f4 g6 45. g5+ 1-0

[Event "Knighthood Blitz"]
[Site "Vishy Anand Arena"]
[Date "2020.08.01"]
[Round "3"]
[White "F Manish Anto Cristiano"]
[Black "Arjunkalyan"]
[Result "0-1"]
[WhiteElo "1759"]
[BlackElo "2266"]
[PlyCount "84"]
[EventDate "2020.08.01"]
[EventType "swiss (blitz)"]

1. e4 c5 2. Nf3 Nc6 3. d4 cxd4 4. Nxd4 Nf6 5. Nc3 d6 6. Bg5 e6 7. Qd2 a6 8. f3 Be7 9. O-O-O Nxd4 10. Qxd4 b5 11. Kb1 Bb7 12. h4 O-O 13. g4 Rc8 14. Qd2 b4 15. Ne2 Nxe4 16. fxe4 Bxe4 17. Ng3 Bxc2+ 18. Ka1 Bxd1 19. Bxe7 Qxe7 20. Qxd1 a5 21. Bd3 Rc5 22. Ne4 Rd5 23. Qc2 a4 24. Ng5 h6 25. Bc4 Rxg5 26. hxg5 Qxg5 27. Be2 b3 28. axb3 axb3 29. Qxb3 Ra8+ 30. Kb1 Qa5 31. Bf3 Qa1+ 32. Kc2 Rc8+ 33. Kd2 Qa5+ 34. Ke2 Qe5+ 35. Kf2 Qd4+ 36. Kg3 g5 37. Rxh6 Kg7 38. Rh5 Qf4+ 39. Kg2 Qd2+ 40. Kg3 Rc1 41. Qb8 Rg1+ 42. Kh3 Rh1+ 0-1

[Event "Knighthood Blitz"]
[Site "Vishy Anand Arena"]
[Date "2020.08.01"]
[Round "3"]
[White "Setumadhav"]
[Black "Indian-Lion"]
[Result "0-1"]
[WhiteElo "1752"]
[BlackElo "2430"]
[PlyCount "60"]
[EventDate "2020.08.01"]
[EventType "swiss (blitz)"]

1. d4 c5 2. d5 d6 3. c4 e6 4. Nc3 exd5 5. cxd5 g6 6. e4 Bg7 7. f4 Ne7 8. Nf3 O-O 9. Be2 a6 10. a4 Bg4 11. O-O Nd7 12. h3 Bxf3 13. Bxf3 f5 14. exf5 Nxf5 15. Ne4 Qh4 16. Qe1 Qxe1 17. Rxe1 Rae8 18. Rb1 Nd4 19. Bd2 Nxf3+ 20. gxf3 Bd4+ 21. Kg2 Nf6 22. Nxd6 Rd8 23. Nxb7 Rxd5 24. Na5 Nh5 25. Nc4 Nxf4+ 26. Bxf4 Rxf4 27. Kg3 Rdf5 28. Nd2 h5 29. Re6 Rf6 30. Rxa6 h4+ 0-1

[Event "Knighthood Blitz"]
[Site "Vishy Anand Arena"]
[Date "2020.08.01"]
[Round "3"]
[White "Vishvajeet Singh"]
[Black "Ggupta211"]
[Result "0-1"]
[WhiteElo "1743"]
[BlackElo "1247"]
[Annotator "NA"]
[PlyCount "70"]
[EventDate "2020.08.01"]
[EventType "swiss (blitz)"]

1. e4 c5 2. c4 g6 3. Nc3 Bg7 4. g3 e6 5. Bg2 Nc6 6. Nge2 Nge7 7. O-O O-O 8. d3 Nd4 9. Nxd4 Bxd4 10. Ne2 Bg7 11. d4 cxd4 12. Nxd4 Qb6 13. Nb3 a5 14. c5 Qc7 15. a4 Rd8 16. Qc2 d6 17. Be3 d5 18. exd5 Nxd5 19. Bxd5 exd5 20. Rad1 Bh3 21. Rfe1 Qc6 22. Nd4 Bxd4 23. Bxd4 Re8 24. Re3 Re6 25. Rde1 Rae8 26. b3 Rxe3 27. Rxe3 Rxe3 28. fxe3 Qe6 29. Kf2 Qg4 30. Qe2 Qf5+ 31. Kg1 Qe4 32. Bf6 Bg4 33. Qf2 Bh3 34. Bd4 Qb1+ 35. Qe1 Qxe1# 0-1

[Event "Knighthood Blitz"]
[Site "Vishy Anand Arena"]
[Date "2020.08.01"]
[Round "3"]
[White "ElectroWizzard"]
[Black "Sidba"]
[Result "0-1"]
[WhiteElo "1718"]
[BlackElo "1620"]
[Annotator "NA"]
[PlyCount "108"]
[EventDate "2020.08.01"]
[EventType "swiss (blitz)"]

1. e4 c5 2. Nf3 d6 3. Bd3 Nc6 4. c3 Nf6 5. h3 g6 6. Bc2 Bg7 7. O-O O-O 8. d4 cxd4 9. cxd4 Qb6 10. Nc3 Bd7 11. Re1 Rac8 12. Rb1 a5 13. Be3 Qd8 14. Qd2 Nb4 15. Bb3 b5 16. a3 Na6 17. Bh6 b4 18. axb4 axb4 19. Nd5 Nxd5 20. Bxd5 e6 21. Bb3 Bb5 22. Bg5 Bf6 23. Bh6 Re8 24. e5 dxe5 25. Nxe5 Bxe5 26. Rxe5 Bc4 27. Ba4 Re7 28. Bg5 Nc7 29. Bf6 Nd5 30. Bxe7 Qxe7 31. b3 Ba6 32. Rbe1 Nc3 33. f4 Rd8 34. f5 gxf5 35. Rxf5 Qh4 36. Qg5+ Qxg5 37. Rxg5+ Kf8 38. Ra5 Bd3 39. Re3 Rxd4 40. Ra8+ Kg7 41. Rg3+ Kf6 42. Rf3+ Kg6 43. Be8 Ne2+ 44. Kf2 Nf4 45. Bxf7+ Kxf7 46. g3 e5 47. gxf4 exf4 48. Ra7+ Ke6 49. Rg7 Bg6 50. Rb7 Rd2+ 51. Ke1 Rd4 52. Rb6+ Kd5 53. Rb8 Ke4 54. Rd8 Kxf3 0-1

[Event "Knighthood Blitz"]
[Site "Vishy Anand Arena"]
[Date "2020.08.01"]
[Round "3"]
[White "Samay Raina"]
[Black "Mandrake"]
[Result "0-1"]
[WhiteElo "1711"]
[BlackElo "2153"]
[PlyCount "52"]
[EventDate "2020.08.01"]
[EventType "swiss (blitz)"]

1. c4 e5 2. Nc3 Nf6 3. Nf3 Nc6 4. d4 exd4 5. Nxd4 Bb4 6. Nxc6 bxc6 7. e4 Nxe4 8. Qe2 O-O 9. Bd2 Nxc3 10. Qd3 Re8+ 11. Be3 Nd5+ 12. Kd1 Nxe3+ 13. fxe3 d5 14. a3 dxc4 15. Qxd8 Rxd8+ 16. Ke2 Bg4+ 17. Kf2 Bc5 18. Bxc4 Rd2+ 19. Kg3 h5 20. Rhf1 Bd6+ 21. Kh4 Be6 22. Bxe6 fxe6 23. Rf3 Rxg2 24. h3 Kh7 25. Rf7 Kh6 26. Raf1 Bg3# 0-1

[Event "Knighthood Blitz"]
[Site "Vishy Anand Arena"]
[Date "2020.08.01"]
[Round "3"]
[White "Bennyjoseph"]
[Black "Arghyadip"]
[Result "0-1"]
[WhiteElo "1683"]
[BlackElo "2168"]
[PlyCount "82"]
[EventDate "2020.08.01"]
[EventType "swiss (blitz)"]

1. e4 g6 2. Nf3 Bg7 3. d4 d6 4. Bd3 Nf6 5. h3 O-O 6. Nc3 c6 7. Bf4 b5 8. a3 Bb7 9. O-O a6 10. Qe2 Nfd7 11. Rad1 Nb6 12. e5 Nd5 13. Nxd5 cxd5 14. Qd2 Nc6 15. c3 Na5 16. Bc2 Rc8 17. b3 Qc7 18. c4 bxc4 19. b4 Nc6 20. Qc3 Na7 21. e6 f6 22. a4 Bc6 23. Rb1 Rb8 24. Qd2 Rb7 25. Bh6 Rfb8 26. Bxg7 Kxg7 27. h4 Qc8 28. h5 Qxe6 29. hxg6 hxg6 30. Rfe1 Qg4 31. b5 axb5 32. axb5 Nxb5 33. Ba4 Qd7 34. Ra1 Ra7 35. Nh4 Rba8 36. Qc2 Qg4 37. Nf3 Nxd4 38. Nxd4 Qxd4 39. Bxc6 Rxa1 40. Rxa1 Rxa1+ 41. Kh2 Qh4# 0-1

[Event "Knighthood Blitz"]
[Site "Vishy Anand Arena"]
[Date "2020.08.01"]
[Round "3"]
[White "Hussaini786"]
[Black "Anshuman Upadhyay"]
[Result "1-0"]
[WhiteElo "1663"]
[BlackElo "1430"]
[Annotator "NA"]
[PlyCount "73"]
[EventDate "2020.08.01"]
[EventType "swiss (blitz)"]

1. e4 e5 2. Nf3 Nc6 3. Bc4 Bc5 4. O-O Nf6 5. d4 exd4 6. e5 Ng4 7. Bf4 O-O 8. h3 Nh6 9. Bxh6 gxh6 10. Nbd2 Re8 11. Re1 d6 12. Ne4 Bb6 13. Nf6+ Kh8 14. Nxe8 Qxe8 15. exd6 Qg8 16. Qe2 Bxh3 17. Qe5+ Nxe5 18. Nh4 Nxc4 19. Kh2 Be6 20. b3 Nxd6 21. Rad1 Qg5 22. Nf3 Qc5 23. Rd2 Ba5 24. Ree2 Bxd2 25. Rxd2 Nf5 26. Re2 Re8 27. Re5 Qd6 28. g3 f6 29. Re4 Qd7 30. Rf4 Bd5 31. Ng1 Rg8 32. Nh3 Be6 33. Ng5 hxg5 34. Rf3 g4 35. Rf4 Qe7 36. Rxf5 Qf7 37. Rxf6 1-0

[Event "Knighthood Blitz"]
[Site "Vishy Anand Arena"]
[Date "2020.08.01"]
[Round "3"]
[White "Babykandy"]
[Black "Unforgettable"]
[Result "1-0"]
[WhiteElo "1620"]
[BlackElo "2116"]
[PlyCount "83"]
[EventDate "2020.08.01"]
[EventType "swiss (blitz)"]

1. d4 Nf6 2. Bf4 g6 3. e3 Bg7 4. Nf3 d6 5. Be2 O-O 6. O-O Nbd7 7. c4 Nh5 8. Bg5 h6 9. Bh4 g5 10. Nfd2 Nhf6 11. Bg3 e5 12. Nc3 Qe7 13. Nf3 e4 14. Nd2 c6 15. Re1 Re8 16. b4 Nf8 17. f3 d5 18. c5 Ng6 19. fxe4 Nxe4 20. Ncxe4 dxe4 21. Nc4 Be6 22. Nd6 Rf8 23. b5 f5 24. Bh5 Kh7 25. Rf1 Rf6 26. bxc6 bxc6 27. Rb1 Raf8 28. Rb7 Bd7 29. Bxg6+ Kxg6 30. Qb1 Qe6 31. h4 Bc8 32. h5+ Kh7 33. Rxa7 f4 34. Nxe4 Rf5 35. exf4 Qc4 36. fxg5 Qxf1+ 37. Qxf1 Rxf1+ 38. Kh2 R8f7 39. g6+ Kg8 40. gxf7+ Rxf7 41. Ra8 Rf8 42. Nd6 1-0